00325nam a2200121Ia 4500008004100000041000800041082001700049100002000066245003500086260005300121300001800174365001100192240624s9999 xx 000 0 und d aeng a658.3124 THO aTHOMAS ANGELA M aCOACHING FOR STAFF DEVELOPMENT c2000aHyderabadbUniversities Press (India) Pvt. a112p. ; 20cm. cRSb25